A concise history of modern painting

Bibliographic Details
Main Author: Read, Herbert
Format: Book
Published: London : Thames and Hudson Ltd. , 1974
Series:World of art
Subjects:

MARC

LEADER 00000cam a2200000 7i4500
001 0000008969
002 000009770
005 20000330.0
020 |a 0500201412 
090 0 0 |a 759.06   |b REA 
100 1 |a Read, Herbert 
245 1 2 |a A concise history of modern painting   |c Herbert Read 
260 |a London :   |b Thames and Hudson Ltd. ,   |c 1974 
300 |a 392p. :   |b ill. ;   |c 22cm. 
490 0 |a World of art 
650 0 0 |a Painting, Modern   |y 20th century 
999 |a 0004195   |b BUKU   |c PINJAMAN   |e PERPUSTAKAAN KOMUNITI PETALING JAYA